| 000 | 01013cam a2200313 4500 | ||
|---|---|---|---|
| 999 |
_c23426 _d23426 |
||
| 001 | vtls012146513 | ||
| 005 | 20221010113017.0 | ||
| 008 | 220818s2022 xo g 010 f slo | ||
| 020 |
_a9788056910283 _q(viazané) |
||
| 040 |
_aMIZKGZ _bslo _dMIZKGZ _dSNK _erda _csk |
||
| 041 | 0 | _aslo | |
| 044 |
_axo _cSK |
||
| 072 | 7 |
_a821.162.4-3 _xSlovenská próza _2konspekt |
|
| 080 |
_a821.162.4-31 _22001 |
||
| 080 |
_a(0:82-312.4) _22001 |
||
| 100 | 1 |
_aGašparík, Peter _4aut _93642 |
|
| 245 | 1 | 0 |
_aSmrť v kostole _bpríbeh Kornela Karoviča _cPeter Gašparík |
| 246 | 3 | 0 | _aPríbeh Kornela Karoviča |
| 250 | _a1. vydanie | ||
| 264 | 1 |
_aBratislava _bMarenčin PT _c2022 |
|
| 300 |
_a174 strán _c14 x 21 cm |
||
| 336 |
_atext _btxt _2rdacontent |
||
| 337 |
_abez média _bn _2rdamedia |
||
| 338 |
_azväzok _bnc _2rdacarrier |
||
| 655 | 7 |
_aslovenské romány _2SNKPH _91694 |
|
| 655 | 7 |
_adetektívne romány _2SNKPH _91710 |
|
| 655 | 7 |
_aSlovak fiction _2SNKPHeng _91695 |
|
| 655 | 7 |
_aDetective novels _2SNKPHeng _91711 |
|